| 000 | 00466nam a22001577a 4500 | ||
|---|---|---|---|
| 003 | OSt | ||
| 005 | 20151102154417.0 | ||
| 008 | 151102b xxu||||| |||| 00| 0 eng d | ||
| 040 | _cRUA | ||
| 082 | _aFOR ភូ 1994 B119 Or.1 | ||
| 100 |
_93203 _aភូ ចេង |
||
| 245 | _aបច្ចេកទេសនៃការប្រើប្រាស់ផ្លែរណា | ||
| 260 |
_aPhnom Penh _bRUA _c1994 |
||
| 300 |
_a58p. _bill. _c29cm. |
||
| 942 |
_2ddc _cFOR |
||
| 999 |
_c2990 _d2990 |
||